| 000 | 00000nam##2200000za#4500 |
| 001 | 9.647850 |
| 003 | CaOODSP |
| 005 | 20240209132410 |
| 007 | ta |
| 008 | 150407|1998||||xxc||||| f|0| 0 eng|d |
| 020 | |z0-662-29282-0 |
| 040 | |aCaOODSP|beng |
| 043 | |an-cn--- |
| 086 | 1 |aC89-4/70-1998E |
| 110 | 2 |aAtlantic Canada Opportunities Agency. |
| 245 | 10|aNatural gas utilization study : |boffshore Newfoundland / |cPrepared by Imperial Venture Corp, St. John's, Newfoundland. |
| 260 | |aMoncton - New Brunswick : |bAtlantic Canada Opportunities Agency |c1998. |
| 300 | |aii, 85p. : |bfigs., graphs, illus., maps, references, tables ; |c28 cm. |
| 500 | |a"The purpose of this study is to quantify the natural gas resources of Newfoundland, identify production and transportation options and lay out the terms of reference of a follow up study. The present study (Phase I) characterized as a scoping study while Phase II will be a comprehensive examination of critical issues." --Introduction. "Prepared for: Atlantic Canada Opportunities Agency and Newfoundland Ocean Industries Association"--Cover. |
| 520 | 3 |aThe purpose of this study is to quantify the natural gas resources of Newfoundland, identify production and transportation options and lay out the terms of reference of a follow up study. The present study (Phase I) characterized as a scoping study while Phase II will be a comprehensive examination of critical issues. --Introduction Prepared for: Atlantic Canada Opportunities Agency and Newfoundland Ocean Industries Association--Cover |
| 563 | |aRing binding |
| 590 | |a00-42|b2000-10-20 |
| 690 | 07|aProduction|2gcpds |
| 690 | 07|aTransport|2gcpds |
| 690 | 07|aCosts|2gcpds |
| 775 | 08|tÉtude sur l'utilisation du gaz naturel : |w(CaOODSP)9.681229 |
| 776 | 0#|tNatural gas utilization study : |w(CaOODSP)9.695223 |